000 00823nam0a22002411 4500
001 rc\1050688
005 20250622092544.0
035 _a(NLR Aleph) 006212178
090 _a6380238
_c6380238
100 _a20041129d1981 |||y0rusy50 ca
101 0 _arus
102 _aRU
105 _aa |||||||||
200 1 _aФормы микробных инсектицидов и методы их применения
_e[Тр. симпоз.]
_fПер. с англ. И.Н. Заикиной
210 _aМ.
_cКолос
_d1981
215 _a80 с.
_cил.
_d20
300 _aПеревод изд.: Formulation and application of mucrobial insecticides (1978)
320 _aБиблиогр. в конце докл.
801 0 _aRU
_bNLR
_gpsbo
801 1 _aRU
_bELAR
_2rusmarc
852 _aNLR
_j81-4/27154
942 _cBOOK
980 _aNB